| 000 | 00770nam a2200229 a 4500 | ||
|---|---|---|---|
| 008 | 120416s1989 ||||||||||||||||| || u | ||
| 020 | _a0875842011 | ||
| 050 | _aHC 79.C6 Bar | ||
| 100 | _aBartos, Rena | ||
| 245 | 1 | 0 | _aMarketing to women around the world |
| 260 |
_aBoston: _bHarvard Business School Press _c1989 |
||
| 300 | _axvii, 320p. : ill. | ||
| 350 | _a0.00 | ||
| 500 | _aIncludes index. -Bibliography: p. 287-309. | ||
| 650 | _aWOMEN IN ADVERTISING | ||
| 650 | _aWOMEN--EMPLOYMENT | ||
| 650 | _aWOMEN--MARKETING | ||
| 650 | _aWOMEN | ||
| 650 | 0 | _aMARKETING | |
| 650 | _aWOMEN--CONSUMERS | ||
| 995 |
_D0.00 _FCBU-MAIN LIBRARY (Kitwe) _H1 _I27.95 _M1 _UAVAILABLE _ZMain Library Open Access Collection |
||
| 999 |
_c50519 _d50519 |
||